Govt. of
Madhya Pradesh

In Search of The Cradle of Civilization (Record no. 13795)

MARC details
000 -LEADER
fixed length control field 003740000a22001570004500
001 - CONTROL NUMBER
control field 001879
003 - CONTROL NUMBER IDENTIFIER
control field MACL
040 ## - CATALOGING SOURCE
Original cataloging agency MACL
090 ## - LOCALLY ASSIGNED LC-TYPE CALL NUMBER (OCLC); LOCAL CALL NUMBER (RLIN)
-- 13872
-- 13871
100 ## - MAIN ENTRY--PERSONAL NAME
Personal name Feuerstein, Georg
245 ## - TITLE STATEMENT
Title In Search of The Cradle of Civilization
Statement of responsibility, etc. Georg Feuerstein
260 ## - PUBLICATION, DISTRIBUTION, ETC. (IMPRINT)
Place of publication, distribution, etc. Motilal Banarasidas Publishers,
Date of publication, distribution, etc. 1999
350 ## - PRICE (NR) (BK AM CF MU VM SE) [OBSOLETE]
Price 395
650 ## - SUBJECT ADDED ENTRY--TOPICAL TERM
Topical term or geographic name as entry element Religion
942 ## - ADDED ENTRY ELEMENTS (KOHA)
Call number prefix 221
Koha item type Library Membar
Holdings
Withdrawn status Lost status Source of classification or shelving scheme Damaged status Not for loan Home library Current library Date acquired Cost, normal purchase price Total Checkouts Full call number Barcode Date last seen Uniform Resource Identifier Price effective from Koha item type
          MACL MACL 15/04/2015 395.00   220.96 FRA CRE014329 02/05/2024 13674 15/04/2015 Books